[Event "BCF-chT1b 1415 (4NCL)"]
[Site "England"]
[Date "2015.03.28"]
[Round "7.155"]
[White "Suarez Real, Alberto"]
[Black "Rawlinson, Aidan"]
[Result "0-1"]
[WhiteElo "2403"]
[BlackElo "2190"]
[PlyCount "84"]
[EventDate "2014.11.15"]
[EventType "team-swiss"]
[EventRounds "11"]
[EventCountry "ENG"]
[SourceTitle "EXT 2016"]
[Source "ChessBase"]
[SourceDate "2015.10.08"]
[SourceVersion "1"]
[SourceVersionDate "2015.10.08"]
[SourceQuality "1"]
[WhiteTeam "Guildford"]
[BlackTeam "Oxford"]
[WhiteTeamCountry "ENG"]
[BlackTeamCountry "ENG"]

1. e4 g6 2. d4 Bg7 3. Nc3 d6 4. Be3 a6 5. Qd2 b5 6. a4 b4 7. Nce2 a5 8. Ng3 h5 9. Bd3 Nd7 10. f4 Bb7 11. e5 e6 12. Nf3 Nh6 13. Ng5 Qe7 14. 0-0 h4 15. N3e4 Ng4 16. Rae1 Bxe4 17. Bxe4 d5 18. Bd3 c5 19. c3 c4 20. Be2 Nxe3 21. Qxe3 b3 22. g4 hxg3 23. hxg3 0-0-0 24. Kg2 Nb6 25. Ra1 Rh6 26. Rh1 Rdh8 27. Rxh6 Rxh6 28. Bg4 Qe8 29. Qf3 Qd7 30. Bh3 Kd8 31. g4 Qe7 32. Qe3 Rh8 33. Qg3 Bh6 34. Nf3 Qe8 35. Qh4+ Kc7 36. f5 gxf5 37. gxf5 Bc1 38. Qf2 Qg8+ 39. Kf1 Bxb2 40. Qxb2 Rxh3 41. Ng1 Rh1 42. Qf2 Nxa4 0-1

[Event "Bunratty Masters op 22nd"]
[Site "Bunratty"]
[Date "2015.02.22"]
[Round "5"]
[White "Ackley, Peter JE"]
[Black "Rawlinson, Aidan"]
[Result "1-0"]
[WhiteElo "2038"]
[BlackElo "2182"]
[PlyCount "79"]
[EventDate "2015.02.20"]
[EventType "swiss"]
[EventRounds "6"]
[EventCountry "IRL"]
[SourceTitle "CBM 165 Extra"]
[Source "ChessBase"]
[SourceDate "2015.04.21"]
[SourceVersion "1"]
[SourceVersionDate "2015.04.21"]
[SourceQuality "1"]

1. g4 g6 2. c4 Bg7 3. Nc3 d6 4. Bg2 Nc6 5. g5 e5 6. h4 h6 7. Nf3 h5 8. d3 Nge7 9. Bd2 0-0 10. Rb1 d5 11. cxd5 Nxd5 12. Nxe5 Nxc3 13. Nxc6 Nxd1 14. Nxd8 Nxf2 15. Kxf2 Rxd8 16. Bc3 c6 17. Bxg7 Kxg7 18. b4 Be6 19. a3 a6 20. Ke3 Bd5 21. Bxd5 Rxd5 22. d4 Rad8 23. Rhd1 b6 24. Ke4 Rf5 25. Rf1 Re8+ 26. Kd3 Rxf1 27. Rxf1 Re6 28. e4 f6 29. d5 cxd5 30. exd5 Rd6 31. Kd4 Kf7 32. a4 Ke7 33. a5 fxg5 34. hxg5 bxa5 35. bxa5 Rd8 36. Rf6 Rd6 37. Kc5 Rxf6 38. gxf6+ Kxf6 39. d6 h4 40. Kc6 1-0

[Event "BCF-chT1a 1314 (4NCL)"]
[Site "England"]
[Date "2014.02.16"]
[Round "6.146"]
[White "Sreeves, Clement"]
[Black "Rawlinson, Aidan"]
[Result "0-1"]
[WhiteElo "2244"]
[BlackElo "2151"]
[PlyCount "94"]
[EventDate "2013.11.16"]
[EventType "team-tourn"]
[EventRounds "7"]
[EventCountry "ENG"]
[SourceTitle "EXT 2015"]
[Source "ChessBase"]
[SourceDate "2014.11.20"]
[SourceVersion "1"]
[SourceVersionDate "2014.11.20"]
[SourceQuality "1"]
[WhiteTeam "Grantham Sharks"]
[BlackTeam "Oxford"]
[WhiteTeamCountry "ENG"]
[BlackTeamCountry "ENG"]

1. c4 g6 2. g3 Bg7 3. Bg2 Nf6 4. Nc3 0-0 5. e4 d6 6. Nge2 c5 7. 0-0 Nc6 8. d3 a6 9. h3 Rb8 10. a4 Ne8 11. Be3 Nc7 12. d4 cxd4 13. Nxd4 Ne6 14. Nde2 Nc5 15. Rb1 Nb4 16. Qd2 Nb3 17. Qd1 Nc5 18. b3 f5 19. Qd2 fxe4 20. Nxe4 Nxe4 21. Bxe4 a5 22. Nf4 Kh8 23. h4 Nc6 24. Rbd1 Ne5 25. f3 b6 26. Qh2 Bf5 27. Bd5 Qc8 28. h5 e6 29. hxg6 Nxg6 30. Bxe6 Qe8 31. Bxf5 Rxf5 32. Rfe1 Ne5 33. Qf2 Qc6 34. Rd5 Rg8 35. Rf1 Bh6 36. Rxe5 dxe5 37. Nd5 Bxe3 38. Nxe3 Rfg5 39. g4 Qf6 40. Rd1 e4 41. Rf1 h5 42. Kh2 Qf4+ 43. Kg2 exf3+ 44. Qxf3 Rxg4+ 45. Nxg4 Rxg4+ 46. Kf2 Qd2+ 47. Qe2 Rg2+ 0-1